<?xml version="1.0" encoding="UTF-8"?>
<record
    xmlns:xsi="http://www.w3.org/2001/XMLSchema-instance"
    xsi:schemaLocation="http://www.loc.gov/MARC21/slim http://www.loc.gov/standards/marcxml/schema/MARC21slim.xsd"
    xmlns="http://www.loc.gov/MARC21/slim">

  <leader>01143nam a22001457a 4500</leader>
  <datafield tag="999" ind1=" " ind2=" ">
    <subfield code="c">520139</subfield>
    <subfield code="d">520139</subfield>
  </datafield>
  <controlfield tag="008">220704b           ||||| |||| 00| 0 eng d</controlfield>
  <datafield tag="100" ind1=" " ind2=" ">
    <subfield code="a">Mishra, Avinash and Anand, Priyanak</subfield>
    <subfield code="9">31824</subfield>
  </datafield>
  <datafield tag="245" ind1=" " ind2=" ">
    <subfield code="a">Bridging India inc&#x2019;s credit gap </subfield>
  </datafield>
  <datafield tag="260" ind1=" " ind2=" ">
    <subfield code="a">Yojana </subfield>
  </datafield>
  <datafield tag="300" ind1=" " ind2=" ">
    <subfield code="a">66(3), Mar, 2022: p.29-32</subfield>
  </datafield>
  <datafield tag="520" ind1=" " ind2=" ">
    <subfield code="a">The Indian  financial markets has grown substantially over the years in terms of trading volumes, market capitalization, turnover, and number of listed stock. The phenomenal growth can be attributed to number of reforms introduced in the 1990s, such as establishment of the capital markets regulator, anonymous electronic trading system, cleaning corporation for efficient risk management, derivatives trading, and setting up of depositories. These have enhanced transparency and efficiency in financial markets and led to significant decline in transaction costs. A diversified pool o financial instrument has also broadened investors&#x2019; base and helped corporate mobiles capital for large-scale investments employment generation in the country.  &#x2013; Reproduced </subfield>
  </datafield>
  <datafield tag="773" ind1=" " ind2=" ">
    <subfield code="a">Yojana </subfield>
  </datafield>
  <datafield tag="906" ind1=" " ind2=" ">
    <subfield code="a">FINANCIAL MARKETS</subfield>
  </datafield>
  <datafield tag="942" ind1=" " ind2=" ">
    <subfield code="c">AR</subfield>
  </datafield>
  <datafield tag="952" ind1=" " ind2=" ">
    <subfield code="0">0</subfield>
    <subfield code="1">0</subfield>
    <subfield code="2">ddc</subfield>
    <subfield code="4">0</subfield>
    <subfield code="7">0</subfield>
    <subfield code="9">394209</subfield>
    <subfield code="a">IIPA</subfield>
    <subfield code="b">IIPA</subfield>
    <subfield code="d">2022-07-04</subfield>
    <subfield code="h">66(3), Mar, 2022: p.29-32</subfield>
    <subfield code="p">AR126803.</subfield>
    <subfield code="r">2022-07-04</subfield>
    <subfield code="y">AR</subfield>
  </datafield>
</record>
